Nichteheliche Lebensgemeinschaften als Problem für das staatliche und kirchliche Recht
In Deutschland gab es 1996 über 1,8 Millionen nichteheliche Lebensgemeinschaften. Diese Erscheinung ruft in Gesellschaft und Kirche sehr unterschiedliche Reaktionen hervor. Manche sehen darin einen Verfall von Ehe und Familie, der durch rechtliche Regelungen zugunsten dieser Gemeinschaften noch gefö...
| Autor principal: | |
|---|---|
| Tipo de documento: | Print Libro |
| Lenguaje: | Alemán |
| Publicado: |
Frankfurt am Main Berlin Bern Wien [u.a.]
Lang
1999
|
| En: |
Europäische Hochschulschriften / 23 (663)
Año: 1999 |
| Acceso en línea: |
Índice |
| Verificar disponibilidad: | HBZ Gateway |
| Servicio de pedido Subito: | Pedir ahora. |
| Palabras clave: |
MARC
| LEADER | 00000cam a2200000 c 4500 | ||
|---|---|---|---|
| 001 | 254986463 | ||
| 003 | DE-627 | ||
| 005 | 20250121015610.0 | ||
| 007 | tu | ||
| 008 | 990222s1999 gw ||||| m 00| ||ger c | ||
| 015 | |a 99,N10,0259 |2 dnb | ||
| 015 | |a 99,A22,0736 |2 dnb | ||
| 016 | 7 | |a 955751616 |2 DE-101 | |
| 020 | |a 3631342500 |c : ca. DM 98.00 (kart., freier Pr.) |9 3-631-34250-0 | ||
| 035 | |a (DE-627)254986463 | ||
| 035 | |a (DE-576)075121352 | ||
| 035 | |a (DE-599)GBV254986463 | ||
| 035 | |a (OCoLC)845198964 | ||
| 035 | |a (OCoLC)42002973 | ||
| 035 | |a (DE-604)8124205674 | ||
| 040 | |a DE-627 |b ger |c DE-627 |e rakwb | ||
| 041 | |a ger | ||
| 044 | |c XA-DE |c XA-CH |c XD-US | ||
| 084 | |a 19 |a 12 |a 14 |2 sdnb | ||
| 084 | |a 1 |2 ssgn | ||
| 084 | |a PD 7780 |2 rvk |0 (DE-625)rvk/135380: | ||
| 084 | |a BR 5200 |2 rvk |0 (DE-625)rvk/15914: | ||
| 084 | |a PY 830 |2 rvk |0 (DE-625)rvk/141125: | ||
| 084 | |a 86.22 |2 bkl | ||
| 084 | |a 71.23 |2 bkl | ||
| 084 | |a 86.97 |2 bkl | ||
| 084 | |a 11.54 |2 bkl | ||
| 100 | 1 | |8 1\p |a Höppler, Gerhard |d 1962- |0 (DE-588)120817616 |0 (DE-627)705010953 |0 (DE-576)292400128 |4 aut | |
| 109 | |a Höppler, Gerhard 1962- | ||
| 245 | 1 | 0 | |a Nichteheliche Lebensgemeinschaften als Problem für das staatliche und kirchliche Recht |c Gerhard Höppler |
| 263 | |a kart. : ca. DM 98.00 (freier Pr.) | ||
| 264 | 1 | |a Frankfurt am Main |a Berlin |a Bern |a Wien [u.a.] |b Lang |c 1999 | |
| 300 | |a 402 S. |b graph. Darst. |c 21 cm | ||
| 336 | |a Text |b txt |2 rdacontent | ||
| 337 | |a ohne Hilfsmittel zu benutzen |b n |2 rdamedia | ||
| 338 | |a Band |b nc |2 rdacarrier | ||
| 490 | 1 | |a Europäische Hochschulschriften |a Reihe 23, Theologie = Théologie = Theology |v 663 | |
| 502 | |a Zugl.: Frankfurt (Main), Philos.-Theol. Hochsch. St. Georgen, Diss., 1998 | ||
| 520 | |a In Deutschland gab es 1996 über 1,8 Millionen nichteheliche Lebensgemeinschaften. Diese Erscheinung ruft in Gesellschaft und Kirche sehr unterschiedliche Reaktionen hervor. Manche sehen darin einen Verfall von Ehe und Familie, der durch rechtliche Regelungen zugunsten dieser Gemeinschaften noch gefördert werde. Demgegenüber will diese Arbeit zu einer differenzierten Betrachtung des Phänomens und des rechtlichen Umgangs damit beitragen. Dazu wird zunächst ein rechtshistorischer Überblick zum Konkubinat gegeben. Nach der Zusammenfassung wichtiger sozialwissenschaftlicher Erkenntnisse zu nichtehelichen Lebensgemeinschaften werden Initiativen zu ihrer rechtlichen Regelung in Deutschland dokumentiert. Es werden aber auch Lösungen im Ausland vorgestellt. Schließlich wird die theologische, ethische und kirchenrechtliche Problematik dieser neuen 'Institution' behandelt | ||
| 583 | 1 | |a Archivierung/Langzeitarchivierung gewährleistet |f SSG |x XA-DE-BW |2 pdager |5 DE-21 | |
| 610 | 2 | 7 | |0 (DE-588)1153376725 |0 (DE-627)1014804396 |0 (DE-576)500203490 |a Katholische Kirche |t Codex Iuris Canonici |f 1917 |2 gnd |
| 610 | 2 | 7 | |0 (DE-588)4131491-8 |0 (DE-627)105694681 |0 (DE-576)209627719 |a Katholische Kirche |t Codex Iuris Canonici |f 1983 |2 gnd |
| 650 | 0 | 7 | |0 (DE-588)4070666-7 |0 (DE-627)104419032 |0 (DE-576)209181702 |a Eheähnliche Gemeinschaft |2 gnd |
| 650 | 0 | 7 | |0 (DE-588)4013630-9 |0 (DE-627)106342541 |0 (DE-576)208904859 |a Ehe |2 gnd |
| 650 | 0 | 7 | |0 (DE-588)4050306-9 |0 (DE-627)104529458 |0 (DE-576)209086750 |a Römisches Recht |2 gnd |
| 650 | 0 | 7 | |0 (DE-588)4020378-5 |0 (DE-627)106318292 |0 (DE-576)208933077 |a Germanen |2 gnd |
| 650 | 0 | 7 | |0 (DE-588)4048737-4 |0 (DE-627)106189719 |0 (DE-576)20907907X |a Recht |2 gnd |
| 650 | 0 | 7 | |0 (DE-588)4421144-2 |0 (DE-627)700403582 |0 (DE-576)211245860 |a Funkkolleg Recht |2 gnd |
| 650 | 0 | 7 | |0 (DE-588)4073199-6 |0 (DE-627)106093029 |0 (DE-576)209189711 |a Kanonisches Recht |2 gnd |
| 650 | 0 | 7 | |0 (DE-588)4030746-3 |0 (DE-627)106268872 |0 (DE-576)208988866 |a Kirchenrecht |2 gnd |
| 650 | 0 | 7 | |0 (DE-588)4070666-7 |0 (DE-627)104419032 |0 (DE-576)209181702 |a Eheähnliche Gemeinschaft |2 gnd |
| 650 | 0 | 7 | |0 (DE-588)4032143-5 |0 (DE-627)106262785 |0 (DE-576)208995757 |a Konkubinat |2 gnd |
| 650 | 4 | |a Staatliches Recht | |
| 655 | 7 | |a Hochschulschrift |0 (DE-588)4113937-9 |0 (DE-627)105825778 |0 (DE-576)209480580 |2 gnd-content | |
| 689 | 0 | 0 | |d g |0 (DE-588)4011882-4 |0 (DE-627)104704861 |0 (DE-576)208896155 |a Deutschland |2 gnd |
| 689 | 0 | 1 | |d s |0 (DE-588)4070666-7 |0 (DE-627)104419032 |0 (DE-576)209181702 |a Eheähnliche Gemeinschaft |2 gnd |
| 689 | 0 | 2 | |d s |0 (DE-588)4115712-6 |0 (DE-627)104262664 |0 (DE-576)209495464 |a Rechtsvergleich |2 gnd |
| 689 | 0 | |5 DE-101 | |
| 689 | 1 | 0 | |d g |0 (DE-588)4011882-4 |0 (DE-627)104704861 |0 (DE-576)208896155 |a Deutschland |2 gnd |
| 689 | 1 | 1 | |d s |0 (DE-588)4070666-7 |0 (DE-627)104419032 |0 (DE-576)209181702 |a Eheähnliche Gemeinschaft |2 gnd |
| 689 | 1 | 2 | |d s |0 (DE-588)4133772-4 |0 (DE-627)105677663 |0 (DE-576)20964673X |a Kirchliches Eherecht |2 gnd |
| 689 | 1 | |5 DE-101 | |
| 751 | |a Frankfurt am Main |0 (DE-588)4018118-2 |0 (DE-627)106327356 |0 (DE-576)208922695 |4 uvp | ||
| 830 | 0 | |a Europäische Hochschulschriften / 23 |v 663 |9 663 |w (DE-627)130134422 |w (DE-576)015671682 |w (DE-600)510564-X |x 0721-3409 |7 am | |
| 856 | 4 | 2 | |u http://www.gbv.de/dms/spk/sbb/toc/254986463.pdf |m V:DE-601 |m B:DE-1 |q pdf/application |x Verlag |y Inhaltsverzeichnis |3 Inhaltsverzeichnis |7 1 |
| 883 | |8 1\p |a cgwrk |d 20241001 |q DE-101 |u https://d-nb.info/provenance/plan#cgwrk | ||
| 889 | |w (DE-627)1763200736 | ||
| 935 | |a mteo |a KALD |a DAKR | ||
| 935 | |i Blocktest | ||
| 936 | r | v | |a PD 7780 |b Eheähnliche Gemeinschaft (BF Nichteheliche Lebensgemeinschaft) |k Rechtswissenschaft |k Bürgerliches Recht, Privatrecht allgemein |k Familienrecht |k Eheähnliche Gemeinschaft (BF Nichteheliche Lebensgemeinschaft) |0 (DE-627)1271175274 |0 (DE-625)rvk/135380: |0 (DE-576)201175274 |
| 936 | r | v | |a BR 5200 |b Allgemeines |k Theologie und Religionswissenschaften |k Kirchenrecht |k Sonderdarstellungen zum Kirchenrecht |k Verwaltungsrecht |k Eherecht, Familienrecht |k Allgemeines |0 (DE-627)1270754270 |0 (DE-625)rvk/15914: |0 (DE-576)200754270 |
| 936 | r | v | |a PY 830 |b Allgemeine Darstellungen und Geschichte des Eherechts |k Rechtswissenschaft |k Historische Kanonistik |k Geschichte der Institutionen des Kirchenrechts |k Allgemeine Darstellungen und Geschichte des Eherechts |0 (DE-627)1271534614 |0 (DE-625)rvk/141125: |0 (DE-576)201534614 |
| 936 | b | k | |a 86.22 |j Familienrecht |0 (DE-627)106413406 |
| 936 | b | k | |a 71.23 |j Nichteheliches Zusammenleben |0 (DE-627)106412450 |
| 936 | b | k | |a 86.97 |j Kirchenrecht |0 (DE-627)106422464 |
| 936 | b | k | |a 11.54 |j Katholizismus |0 (DE-627)106402668 |
| 951 | |a BO | ||
| ELC | |b 1 | ||
| LOK | |0 000 xxxxxcx a22 zn 4500 | ||
| LOK | |0 001 3084488975 | ||
| LOK | |0 003 DE-627 | ||
| LOK | |0 004 254986463 | ||
| LOK | |0 005 20151116135637 | ||
| LOK | |0 008 150728||||||||||||||||ger||||||| | ||
| LOK | |0 035 |a (DE-21-110)kd119521 | ||
| LOK | |0 040 |a DE-21-110 |c DE-627 |d DE-21-110 | ||
| LOK | |0 689 |a s |a Nichteheliche Lebensgemeinschaft | ||
| LOK | |0 852 |z Kein Bestand am IfK; Nachweis für KrimDok | ||
| LOK | |0 852 |a DE-21-110 | ||
| LOK | |0 852 1 |9 00 | ||
| LOK | |0 935 |a k110 | ||
| LOK | |0 939 |a 28-07-15 |b l01 | ||
| ORI | |a SA-MARC-krimdoka001.raw | ||
| TIM | |a 100019901003_100020261231 |b 1990-10-03 - 2026 | ||
